000 01007cam a2200337 i 4500
999 _c113
_d113
001 vtls001490489
003 VRT
005 20190726103201.0
008 131127t20101985fr g 000 f fre d
020 _a2070380823 (pbk.)
020 _a9782070380824 (pbk.):
035 _a(OCoLC)ocn612353675
040 _aNUKAT
_beng
_erda
_cNUKAT
_dTKU
042 _anbic
082 _aFIC LE
100 1 _aLe Clézio, J.-M. G.
_q(Jean-Marie Gustave),
_d1940-
_eauthor.
245 1 3 _aLe chercheur d'or /
_cJ. M. G. Le Clézio.
264 1 _aParis :
_bGallimard,
_c2010.
264 4 _c©1985.
300 _a374 pages ;
_c18 cm.
336 _atext
_2rdacontent.
337 _aunmediated
_2rdamedia.
338 _avolume
_2rdacarrier.
490 1 _aCollection Folio,
_x0768-0732 ;
_v2000.
650 0 _aFrench fiction.
650 0 _aQuests (Expeditions)
_vFiction.
650 0 _aTreasure troves
_vFiction.
651 0 _aMauritius
_vFiction.
830 0 _aCollection Folio,
_x0768-0732 ;
_v2000.
942 _2ddc
_cFIC